Normal view
MARC view
- Educación multicultural
Entry Materia
001 - NÚMERO DE CONTROL DEL REGISTRO
- campo de control: 1565
003 - IDENTIFICADOR DE NUMERO DE CONTROL
- campo de control: UPN
005 - FECHA Y HORA DE LA ÚLTIMA TRANSACCIÓN
- campo de control: 20230217150608.0
008 - DATOS DE LONGITUD FIJA
- campo de control de longitud fija: 221005n||acnnnbabn | ana |d
035 ## - NÚMERO DE CONTROL DEL SISTEMA
- Número de control del sistema: UPN10000001565
040 ## - FUENTE DE LA CATALOGACIÓN
- Centro catalogador de origen: UPN
- Lengua de catalogación: spa
- Agencia de transcripción: UPN
046 ## - FECHAS CON CODIFICACIÓN ESPECIAL
- Fecha final para contenidos agregados: 2022
053 #4 - NÚMERO CLASIFICADOR - BIBLIOTECA DEL CONGRESO (LC)
- Elemento numérico de la clasificación - Número único o no. inicial del rango: LC1099
150 ## - ENCABEZAMIENTO - TEMÁTICO
- Término de materia o nombre geográfico como elemento inicial: Educación multicultural
550 ## - VÉASE ADEMÁS - MATERIA
- Subcampo de control: g
- Encabezamiento temático o nombre geográfico como elemento de entrada: Educación
670 ## - FUENTE EN LA QUE SE LOCALIZARON DATOS
- Cita de la fuente: LC
- Información localizada: Multicultural education (May subd. geog.)
680 ## - NOTA GENERAL CON DESPLIEGUE PÚBLICO
- Texto explicativo: Educación que abarca dos o más grupos étnicos destinada a ayudar a quienes la reciben a clarificar su propia identidad cultural así como la de otros grupos a aminorar los prejuicios y los estereotipos y promover el pluralismo cultural y la participación igualitaria
902 ## - CATALOGADOR
- Catalogador: MEEG/201005
